| 000 | 00360nam a2200133Ia 4500 | ||
|---|---|---|---|
| 008 | 240624s9999 xx 000 0 und d | ||
| 041 | _aeng | ||
| 082 | _a332.042 ANA | ||
| 100 | _aNAGESWARAN V ANANTHA | ||
| 245 | _aGLOBAL FINANCIAL MARKETS ISSUES AND PERS | ||
| 260 |
_c2003 _aHyderabad _bICFAI University |
||
| 300 | _axxi, : 152 : p. : cm. ; 23 | ||
| 365 | _cRS | ||
| 999 |
_c2868 _d2868 |
||